00323nam a2200121Ia 4500008004100000245006200041260001700103260000900120300000800129650002300137650001200160856002900172170516s9999 xx 000 0 und d 4aThe Smart Drug Delivery System and Its Clinical Potential bTheranostics c2016 a6:9 xMedical Technology xMedtech uhttp://www.thno.org/v6i9